Crc concise encyclopedia of mathematics, second edition / (Record no. 28883)
[ view plain ]
| 000 -LEADER | |
|---|---|
| fixed length control field | 00436 a2200157 4500 |
| 003 - CONTROL NUMBER IDENTIFIER | |
| control field | NUST |
| 005 - DATE AND TIME OF LATEST TRANSACTION | |
| control field | 20180117151313.0 |
| 008 - FIXED-LENGTH DATA ELEMENTS--GENERAL INFORMATION | |
| fixed length control field | 180117b xxu||||| |||| 00| 0 eng d |
| 020 ## - INTERNATIONAL STANDARD BOOK NUMBER | |
| International Standard Book Number | 1584883472 |
| 020 ## - INTERNATIONAL STANDARD BOOK NUMBER | |
| International Standard Book Number | 9781584883470 |
| 040 ## - CATALOGING SOURCE | |
| Transcribing agency | NUST |
| 082 04 - DEWEY DECIMAL CLASSIFICATION NUMBER | |
| Classification number | 510.3 |
| 100 1# - MAIN ENTRY--PERSONAL NAME | |
| Personal name | Weisstein, Eric W. |
| 9 (RLIN) | 8569 |
| 245 10 - TITLE STATEMENT | |
| Title | Crc concise encyclopedia of mathematics, second edition / |
| Statement of responsibility, etc. | Eric W. Weisstein. |
| 250 ## - EDITION STATEMENT | |
| Edition statement | 2nd ed. |
| 260 ## - PUBLICATION, DISTRIBUTION, ETC. | |
| Place of publication, distribution, etc. | [S.l.] : |
| Name of publisher, distributor, etc. | Chapman and Hall/CRC, |
| Date of publication, distribution, etc. | 2002. |
| 300 ## - PHYSICAL DESCRIPTION | |
| Extent | 3252 p. ; |
| Dimensions | 29 cm. |
| 942 ## - ADDED ENTRY ELEMENTS (KOHA) | |
| Institution code [OBSOLETE] | SNS |
| Koha item type | Book |
| Call number prefix | 510.3 WEI |
| Source of classification or shelving scheme | |
| Withdrawn status | Lost status | Source of classification or shelving scheme | Damaged status | Not for loan | Permanent Location | Current Location | Shelving location | Date acquired | Full call number | Barcode | Date last seen | Price effective from | Koha item type |
|---|---|---|---|---|---|---|---|---|---|---|---|---|---|
| Not For Loan | School of Natural Sciences (SNS) | School of Natural Sciences (SNS) | Reference | 05/26/2016 | 510.3 WEI | SNS0000159 | 05/26/2016 | 05/26/2016 | Book |
